Logo BPK

Biblioteka

Politechniki Koszalińskiej

America's spectacular Northwest / (Rekord nr 48607)

Szczegóły MARC
000 -ETYKIETA REKORDU
podpole kontrolne o stałej długości 00881nam a2200241 i 4500
001 - NUMER KONTROLNY REKORDU
pole kontrolne bgj
020 ## - MIĘDZYNARODOWY ZNORMALIZOWANY NUMER KSIĄŻKI - ISBN
ISBN 0870443631
040 ## - ŹRÓDŁO KATALOGOWANIA
Instytucja, która utworzyła rekord BPK
041 0# - KOD JĘZYKA
Kod języka tekstu eng
920 ## - Międzynarodowy znormalizowany numer książki – ISBN
ISBN 0-87044-363-1
008 - POLE O STAŁEJ DŁUGOŚCI - DANE KONTROLNE
podpole kontrolne o stałej długości s uk f |000 0 eng
110 2# - NAZWA CIAŁA ZBIOROWEGO
Nazwa ciała zbiorowego Special Publications Division National Geographic Society.
245 00 - TYTUŁ/ODPOWIEDZIALNOŚĆ
Tytuł America's spectacular Northwest /
Pozostałe elementy strefy tytułu i oznaczenia odpowiedzialności prepared by the Special Publications Division National Geographic Society ; photographed by Robert W. Madden.
260 ## - STREFA ADRESU WYDAWNICZEGO
Miejsce wydania Washington D. C. :
Nazwa wydawcy/dystrybutora National Geographic Society,
Data publikacji, dystrybucji/powstania dokumentu 1982.
300 ## - STREFA OPISU FIZYCZNEGO
Objętość 199 pp :
Inne cechy fizyczne col ill. ;
Rozmiary 26 cm.
504 ## - UWAGA DOTYCZĄCA BIBLIOGRAFII
Informacje o bibliografii Bibliography: p. 197.
505 ## - SFORMALIZOWANA UWAGA DOTYCZĄCA ZAWARTOŚCI
Pełny tekst uwagi Includes index.
650 #9 - HASŁO PRZEDMIOTOWE W FORMIE NAZWY OGÓLNEJ LUB JEDNOSTKOWEJ
Nazwa ogólna lub geograficzna Northwest, Pacific
Określnik ogólny Description and travel
Określnik chronologiczny 1981-
650 #9 - HASŁO PRZEDMIOTOWE W FORMIE NAZWY OGÓLNEJ LUB JEDNOSTKOWEJ
Nazwa ogólna lub geograficzna Northwest, Pacific
Określnik ogólny Social life and customs
655 ## - TERMIN INDEKSOWY - OKREŚLENIE RODZAJU/FORMY DOKUMENTU
Określenie rodzaju/formy dokumentu Addresses, essays, lectures
700 1# - HASŁO DODATKOWE - NAZWA OSOBOWA
Nazwa osobowa MADDEN, Robert W.
Określenie związku między hasłem a opisywanym materiałem photographer
942 ## - DODATKOWE ELEMENTY (KOHA)
Typ dokumentu Książka
Egzemplarze
Wycofany Status egzemplarza Uszkodzony Dostępność Lokalizacja stała Lokalizacja bieżąca Miejsce przechowywania Sygnatura Kod kreskowy Typ dokumentu
      Dostępny Biblioteka Politechniki Koszalińskiej Biblioteka Politechniki Koszalińskiej Wypożyczalnia Językowa KA 5906 09053267 Książka
© 2023 Biblioteka Politechniki Koszalińskiej :: KOHA